| 000 | 02335nam0a2200433 4500 | ||
|---|---|---|---|
| 001 | RU\NLR\BIBL_A\022219568 | ||
| 005 | 20240621133649.0 | ||
| 010 |
_a978-5-389-25039-0 _92000 |
||
| 021 |
_aRU _bКН-П-24-019117 _9КН-П-24-2000 |
||
| 035 | _a(NLR Aleph) 022219568 | ||
| 090 |
_a13097739 _c13097739 |
||
| 100 | _a20240513d2024 u y0rusy50 ca | ||
| 101 | 1 |
_arus _cnor |
|
| 102 | _aRU | ||
| 105 | _aa z 001yy | ||
| 181 | 0 |
_ai3 _baxxe |
|
| 182 | 0 | _an | |
| 200 | 1 |
_aМагия элементов _eсекреты таблицы Менделеева, или Как химия меняет нашу жизнь _fАнья Рёйне _gперевод с норвежского Дарьи Гоголевой |
|
| 203 |
_aТекст _bвизуальный _cнепосредственный |
||
| 210 |
_aМосква _cКоЛибри _cАзбука-Аттикус _d2024 |
||
| 215 |
_a238 с. _cил. _d22 |
||
| 300 | _aРанее кн. изд. в сер. "Научный интерес" под загл. "Химия человека: как железо помогает нам дышать, калий - видеть, и другие секреты периодической таблицы" | ||
| 320 | _aБиблиогр.: с. 200-202 и в примеч.: с. 203-230 (307 назв.) | ||
| 320 | _aАлф. указ.: с. 231-238 | ||
| 333 | _a16+ | ||
| 451 | 0 | _12001#$aХимия человека: как железо помогает нам дышать, калий - видеть, и другие секреты периодической таблицы | |
| 606 | 1 |
_aЧеловек _xБиохимия _jПопулярные издания _2nlr_sh1 _2nlr_sh2 _3RU\NLR\AUTH\6610259 |
|
| 606 | 1 |
_aОкружающая среда _xХимия _jПопулярные издания _2nlr_sh1 _2nlr_sh2 _3RU\NLR\AUTH\661294370 |
|
| 606 | 1 |
_aХимические элементы _jПопулярные издания _2nlr_sh1 _2nlr_sh2 _3RU\NLR\AUTH\6684097 |
|
| 606 | 1 |
_aХимические соединения _jПопулярные издания _2nlr_sh1 _2nlr_sh2 _3RU\NLR\AUTH\66328865 |
|
| 686 | 1 | _aГ115я9 | |
| 686 | 1 | _aГ116я9 | |
| 686 | 1 | _aЕ072.9я9 | |
| 686 | 1 | _aЕ902я9 | |
| 700 | 1 |
_aРёйне _bА. _gАнья |
|
| 942 | _cBOOK | ||
| 980 | _aNB | ||